000 00475nam a2200169 a 4500
001 5467
003 CO-ViMGA
008 141112s2004 ck r 000 u spa d
040 _aCO-ViMGA
_bspa
_cCO-ViMGA
082 0 4 _a862.08 J84
245 1 0 _aJuguetes de salón :
_bel teatro de los niños
260 _aBogotá :
_bTres culturas,
_c1989
300 _a136 p : il
490 _aLos sapitos vaqueros
650 1 4 _aTEATO ESCOLAR E INFANTIL - COLECCIONES
_93760
942 _2ddc
_cBK
999 _c17454
_d17454